[Event "Litomysl op 12th"]
[Site "Litomysl"]
[Date "2011.01.02"]
[Round "9"]
[White "Madan, Augustin"]
[Black "Konstacky, Matej"]
[Result "1-0"]
[WhiteElo "2339"]
[BlackElo "2110"]
[PlyCount "63"]
[EventDate "2010.12.26"]
[EventType "swiss"]
[EventRounds "9"]
[EventCountry "CZE"]
[SourceTitle "CBM 140 Extra"]
[Source "ChessBase"]
[SourceDate "2011.03.01"]
[SourceVersion "1"]
[SourceVersionDate "2011.03.01"]
[SourceQuality "1"]

1. e4 c5 2. Nc3 e6 3. Nf3 d5 4. d4 Nf6 5. e5 Nfd7 6. dxc5 Bxc5 7. Bd3 Nc6 8. Bf4 h6 9. h4 a6 10. Qd2 b5 11. Rh3 Qc7 12. Rg3 Bf8 13. h5 b4 14. Nxd5 exd5 15. e6 Nde5 16. Nxe5 Nxe5 17. exf7+ Kd8 18. Be4 Bb7 19. Bxd5 Kc8 20. Bxb7+ Kxb7 21. Qd5+ Qc6 22. Qxe5 Rd8 23. Rd1 Rxd1+ 24. Kxd1 Qd7+ 25. Rd3 Qxf7 26. Qb8+ Kc6 27. Qc8+ Kb5 28. a4+ bxa3 29. Rb3+ Bb4 30. Rxb4+ Kxb4 31. Bd6+ Ka4 32. Qxa6# 1-0

[Event "Litomysl op 12th"]
[Site "Litomysl"]
[Date "2010.12.28"]
[Round "4"]
[White "Konstacky, Matej"]
[Black "Kanovsky, David"]
[Result "0-1"]
[WhiteElo "2110"]
[BlackElo "2497"]
[PlyCount "72"]
[EventDate "2010.12.26"]
[EventType "swiss"]
[EventRounds "9"]
[EventCountry "CZE"]
[SourceTitle "CBM 140 Extra"]
[Source "ChessBase"]
[SourceDate "2011.03.01"]
[SourceVersion "1"]
[SourceVersionDate "2011.03.01"]
[SourceQuality "1"]

1. e4 c5 2. Nc3 Nc6 3. g3 g6 4. Bg2 Bg7 5. f4 d6 6. Nf3 e6 7. 0-0 Nge7 8. Ne2 0-0 9. d3 b6 10. g4 f5 11. h3 Bb7 12. Ng3 Qd7 13. gxf5 exf5 14. Kh2 Rad8 15. c3 fxe4 16. dxe4 d5 17. e5 Nf5 18. Qe1 d4 19. Nxf5 Rxf5 20. Nh4 Rff8 21. Qg3 dxc3 22. bxc3 Qd3 23. Qxd3 Rxd3 24. c4 g5 25. Bd5+ Kh8 26. Ng2 Na5 27. Bxb7 Nxb7 28. Be3 gxf4 29. Bxf4 Nd8 30. Bg3 Rxf1 31. Rxf1 Kg8 32. Rf2 Ne6 33. Nf4 Nxf4 34. Bxf4 Rd4 35. Kg3 Rxc4 36. Rd2 Rxf4 0-1

[Event "Litomysl op 12th"]
[Site "Litomysl"]
[Date "2010.12.28"]
[Round "3"]
[White "Kraus, Ondrej"]
[Black "Konstacky, Matej"]
[Result "0-1"]
[WhiteElo "1973"]
[BlackElo "2110"]
[PlyCount "72"]
[EventDate "2010.12.26"]
[EventType "swiss"]
[EventRounds "9"]
[EventCountry "CZE"]
[SourceTitle "CBM 140 Extra"]
[Source "ChessBase"]
[SourceDate "2011.03.01"]
[SourceVersion "1"]
[SourceVersionDate "2011.03.01"]
[SourceQuality "1"]

1. d4 Nf6 2. Nf3 e6 3. c4 b6 4. e3 Bb7 5. Bd3 Ne4 6. 0-0 f5 7. Nbd2 g6 8. Qc2 Nxd2 9. Nxd2 Bg7 10. f4 d6 11. Nf3 0-0 12. e4 Nc6 13. d5 Nb4 14. Qb3 Nxd3 15. Qxd3 fxe4 16. Qxe4 exd5 17. cxd5 Qf6 18. Qc4 Qf7 19. Rd1 h6 20. a4 a5 21. Ra3 Rfe8 22. Nh4 g5 23. fxg5 Bxd5 24. Qg4 Re4 25. Qh3 Bd4+ 26. Kh1 Rae8 27. Be3 Bxe3 28. gxh6 Bf2 29. Rg3+ Bxg3 30. Qxg3+ Kh7 31. Nf3 Rg8 32. Ng5+ Rxg5 33. Qxg5 Re5 34. Qd2 Rf5 35. Kg1 Bc4 36. Qc2 Bb3 0-1

[Event "CZE-chT2F 0910"]
[Site "Czech Republic"]
[Date "2010.04.18"]
[Round "11.2"]
[White "Buran, Robert"]
[Black "Konstacky, Matej"]
[Result "1-0"]
[WhiteElo "2077"]
[BlackElo "2117"]
[PlyCount "139"]
[EventDate "2009.10.18"]
[EventType "team-tourn"]
[EventRounds "11"]
[EventCountry "CZE"]
[SourceTitle "EXT 2012"]
[Source "ChessBase"]
[SourceDate "2011.11.24"]
[SourceVersion "1"]
[SourceVersionDate "2011.11.24"]
[SourceQuality "1"]
[WhiteTeam "Bruntal"]
[BlackTeam "Morkov"]
[WhiteTeamCountry "CZE"]
[BlackTeamCountry "CZE"]

1. e4 d6 2. d4 Nf6 3. Nc3 c6 4. Bd3 b5 5. Nge2 g6 6. 0-0 Bg7 7. Ng3 b4 8. Nce2 Ba6 9. c4 bxc3 10. Nxc3 0-0 11. Be3 Bxd3 12. Qxd3 Ng4 13. Rfd1 Nxe3 14. Qxe3 Nd7 15. Rac1 Qa5 16. Nge2 Rab8 17. Rc2 f5 18. d5 Ne5 19. exf5 Rxf5 20. Nd4 Rf7 21. Nxc6 Nxc6 22. dxc6 Be5 23. Nd5 e6 24. f4 exd5 25. fxe5 Re8 26. c7 Rxc7 27. Rxc7 Qxc7 28. exd6 Qc6 29. Qd3 Qxd6 30. Qxd5+ Qxd5 31. Rxd5 Re7 32. Rb5 Kf7 33. Kf2 Kf6 34. Kf3 h6 35. Rb4 g5 36. Re4 Rc7 37. Ra4 h5 38. Ra5 Rb7 39. b3 Rc7 40. h4 g4+ 41. Kf4 Kg6 42. Ra6+ Kg7 43. a3 Rb7 44. b4 Rc7 45. Kg5 Rc2 46. Kxh5 Rxg2 47. Rg6+ Kf7 48. Rxg4 Rd2 49. Rg5 Kf6 50. Ra5 Rd7 51. Kh6 Re7 52. Ra6+ Kf5 53. a4 Rd7 54. h5 Re7 55. b5 Rd7 56. Rc6 Rd4 57. Rc5+ Kf6 58. a5 Rd7 59. Rc1 Rb7 60. Rf1+ Ke6 61. Kg6 Rxb5 62. h6 Rb2 63. Rg1 Kd5 64. Rg5+ Kc6 65. h7 Rb8 66. Kg7 Rb7+ 67. Kh6 Rb8 68. Rg8 Rb1 69. h8Q Rh1+ 70. Kg6 1-0

[Event "CZE-chT2F 0910"]
[Site "Czech Republic"]
[Date "2010.03.14"]
[Round "9.2"]
[White "Weissmann, Lukas"]
[Black "Konstacky, Matej"]
[Result "1/2-1/2"]
[WhiteElo "2138"]
[BlackElo "2117"]
[PlyCount "39"]
[EventDate "2009.10.18"]
[EventType "team-tourn"]
[EventRounds "11"]
[EventCountry "CZE"]
[SourceTitle "EXT 2012"]
[Source "ChessBase"]
[SourceDate "2011.11.24"]
[SourceVersion "1"]
[SourceVersionDate "2011.11.24"]
[SourceQuality "1"]
[WhiteTeam "Dobra"]
[BlackTeam "Morkov"]
[WhiteTeamCountry "CZE"]
[BlackTeamCountry "CZE"]

1. e4 d6 2. d4 g6 3. Nc3 Bg7 4. Be3 c6 5. Qd2 b5 6. f3 b4 7. Nd1 Qb6 8. Ne2 a5 9. a3 Na6 10. axb4 axb4 11. Nc1 Nc7 12. Rxa8 Nxa8 13. Nb3 Nc7 14. Be2 Ba6 15. Bxa6 Nxa6 16. 0-0 Nf6 17. Nf2 0-0 18. Ra1 Ne8 19. Nd3 Nec7 20. Ra4 1/2-1/2

[Event "CZE-chT2F 0910"]
[Site "Czech Republic"]
[Date "2009.10.18"]
[Round "1.2"]
[White "Konstacky, Matej"]
[Black "Helis, Tadeusz"]
[Result "1/2-1/2"]
[WhiteElo "2117"]
[BlackElo "2288"]
[PlyCount "56"]
[EventDate "2009.10.18"]
[EventType "team-tourn"]
[EventRounds "11"]
[EventCountry "CZE"]
[SourceTitle "EXT 2012"]
[Source "ChessBase"]
[SourceDate "2011.11.24"]
[SourceVersion "1"]
[SourceVersionDate "2011.11.24"]
[SourceQuality "1"]
[WhiteTeam "Morkov"]
[BlackTeam "Benesov"]
[WhiteTeamCountry "CZE"]
[BlackTeamCountry "CZE"]

1. e4 c5 2. g3 d5 3. exd5 Qxd5 4. Nf3 Bg4 5. Bg2 Qe6+ 6. Kf1 Nc6 7. h3 Bf5 8. d3 c4 9. Nh4 cxd3 10. Nxf5 Qxf5 11. Bxc6+ bxc6 12. Qxd3 Qxd3+ 13. cxd3 e6 14. Nc3 Nf6 15. Ne4 Nd5 16. Bd2 Be7 17. Rc1 Kd7 18. Nc5+ Bxc5 19. Rxc5 Rhb8 20. b3 a5 21. Bxa5 Rb5 22. Rxb5 cxb5 23. b4 Rc8 24. Kg2 Rc3 25. Rd1 Rc2 26. Ra1 Rc3 27. Rd1 Rc2 28. Ra1 Rc3 1/2-1/2

[Event "CZE-ch Juniors op-A"]
[Site "Sec u Chrudimi"]
[Date "2008.03.13"]
[Round "7"]
[White "Snorek, Milan"]
[Black "Konstacky, Matej"]
[Result "1-0"]
[WhiteElo "2098"]
[BlackElo "2057"]
[PlyCount "85"]
[EventDate "2008.03.08"]
[EventType "swiss"]
[EventRounds "9"]
[EventCountry "CZE"]
[SourceTitle "EXT 2009"]
[Source "ChessBase"]
[SourceDate "2008.11.26"]
[SourceVersion "1"]
[SourceVersionDate "2008.11.26"]
[SourceQuality "1"]

1. d4 Nf6 2. Nf3 g6 3. c4 Bg7 4. Nc3 d6 5. g3 0-0 6. Bg2 Re8 7. 0-0 c6 8. h3 Nbd7 9. e4 e5 10. Be3 exd4 11. Nxd4 Nc5 12. Qc2 a5 13. Rad1 Qe7 14. Rfe1 Nfd7 15. f3 Ne6 16. Nxe6 fxe6 17. Na4 Ra6 18. c5 d5 19. Bf4 Qf7 20. Bd6 Bf8 21. Bxf8 Rxf8 22. f4 Nf6 23. Qc3 Nxe4 24. Bxe4 dxe4 25. Nb6 Rxb6 26. cxb6 e5 27. Qxe5 Re8 28. Qd4 Qf5 29. Qc4+ Kh8 30. Qc3+ Kg8 31. Rd4 h5 32. h4 Bd7 33. Rd6 Kf7 34. Re3 Be6 35. Rd4 Bd5 36. Qxa5 Qf6 37. Rxd5 cxd5 38. Qxd5+ Qe6 39. Qxb7+ Kf8 40. Qc7 Rc8 41. Rxe4 Qxe4 42. Qxc8+ Ke7 43. Qc5+ 1-0

[Event "CZE-ch Juniors op-A"]
[Site "Sec u Chrudimi"]
[Date "2008.03.12"]
[Round "6"]
[White "Konstacky, Matej"]
[Black "Palek, Miroslav"]
[Result "1/2-1/2"]
[WhiteElo "2057"]
[BlackElo "2261"]
[PlyCount "77"]
[EventDate "2008.03.08"]
[EventType "swiss"]
[EventRounds "9"]
[EventCountry "CZE"]
[SourceTitle "EXT 2009"]
[Source "ChessBase"]
[SourceDate "2008.11.26"]
[SourceVersion "1"]
[SourceVersionDate "2008.11.26"]
[SourceQuality "1"]

1. e4 c5 2. Nf3 Nc6 3. Nc3 g6 4. g3 Bg7 5. Bg2 d6 6. 0-0 e5 7. d3 Nge7 8. Ne1 0-0 9. f4 f5 10. Nf3 Rb8 11. a4 a6 12. Be3 b5 13. axb5 axb5 14. Qc1 b4 15. Ne2 Nd4 16. Nexd4 cxd4 17. Bd2 fxe4 18. dxe4 Qb6 19. Kh1 Bb7 20. Qe1 Nc6 21. Ng5 Bc8 22. fxe5 Rxf1+ 23. Qxf1 Nxe5 24. Ra4 Qc5 25. Bf4 Bd7 26. Bxe5 Rf8 27. Ra8 Bc8 28. Bf4 h6 29. Nf3 g5 30. Bd2 g4 31. Qd3 gxf3 32. Bxf3 Qc6 33. Qb3+ Kh8 34. Rb8 Qa6 35. Kg2 Bh3+ 36. Kxh3 Rxb8 37. Kg2 Qb5 38. Bf4 Qc5 39. Be2 1/2-1/2

[Event "CZE-ch Juniors op-A"]
[Site "Sec u Chrudimi"]
[Date "2008.03.09"]
[Round "2"]
[White "Konstacky, Matej"]
[Black "Vecera, Petr"]
[Result "1-0"]
[WhiteElo "2057"]
[BlackElo "1763"]
[PlyCount "73"]
[EventDate "2008.03.08"]
[EventType "swiss"]
[EventRounds "9"]
[EventCountry "CZE"]
[SourceTitle "EXT 2009"]
[Source "ChessBase"]
[SourceDate "2008.11.26"]
[SourceVersion "1"]
[SourceVersionDate "2008.11.26"]
[SourceQuality "1"]

1. e4 e5 2. Nf3 Nc6 3. Bb5 a6 4. Ba4 Nf6 5. 0-0 Be7 6. Re1 b5 7. Bb3 d6 8. c3 0-0 9. d4 Bg4 10. Be3 Na5 11. Bc2 c5 12. Nbd2 Qc7 13. d5 Rfb8 14. b3 Nb7 15. h3 Bxf3 16. Qxf3 c4 17. b4 a5 18. a3 axb4 19. axb4 Qd8 20. Nf1 Rxa1 21. Rxa1 Ra8 22. Qd1 Qc8 23. f4 exf4 24. Bxf4 Nd7 25. Ng3 Bf6 26. Nf5 g6 27. Nd4 Bxd4+ 28. cxd4 Nf6 29. Bg5 Kg7 30. Qf1 Nd7 31. e5 Qe8 32. Rxa8 Qxa8 33. e6 f6 34. Bh4 Qa7 35. Qf2 Ne5 36. Bxf6+ Kg8 37. Bxe5 1-0

[Event "Pobeskydy Chance 18th"]
[Site "Frydek Mistek"]
[Date "2007.04.08"]
[Round "8"]
[White "Bury, Rastislav"]
[Black "Konstacky, Matej"]
[Result "1/2-1/2"]
[WhiteElo "2140"]
[BlackElo "2012"]
[PlyCount "93"]
[EventDate "2007.04.05"]
[EventType "swiss"]
[EventRounds "9"]
[EventCountry "CZE"]
[SourceTitle "CBM 118 Extra"]
[Source "ChessBase"]
[SourceDate "2007.07.04"]
[SourceVersion "1"]
[SourceVersionDate "2007.07.04"]
[SourceQuality "1"]

1. d4 Nf6 2. c4 e6 3. Nc3 Bb4 4. Bg5 h6 5. Bh4 b6 6. e3 Bb7 7. f3 Bxc3+ 8. bxc3 d6 9. Bd3 Nbd7 10. Ne2 Qe7 11. 0-0 e5 12. e4 a5 13. Rb1 0-0-0 14. Bf2 g5 15. Ng3 Rdg8 16. Nf5 Qf8 17. c5 dxc5 18. d5 Ne8 19. Bb5 Ng7 20. Ne3 f6 21. Nc4 Ne8 22. Bxd7+ Kxd7 23. Nxa5 Ba8 24. Qa4+ Ke7 25. Bxc5+ bxc5 26. Rb8 Bxd5 27. exd5 Kf7 28. Rd8 h5 29. Qe4 Kg7 30. Rb1 Kh6 31. Rbb8 Qf7 32. Qe3 Qg6 33. Qe4 Qf7 34. Nc4 Nd6 35. Nxd6 cxd6 36. Rxg8 Rxg8 37. Rxg8 Qxg8 38. c4 Qd8 39. Qf5 Kg7 40. h4 Qa5 41. Qd7+ Kg6 42. Qe8+ Kg7 43. Qe7+ Kg6 44. hxg5 Qe1+ 45. Kh2 Qh4+ 46. Kg1 Qe1+ 47. Kh2 1/2-1/2

[Event "Pobeskydy Chance 18th"]
[Site "Frydek Mistek"]
[Date "2007.04.08"]
[Round "7"]
[White "Konstacky, Matej"]
[Black "Sadzikowski, Daniel"]
[Result "1/2-1/2"]
[WhiteElo "2012"]
[BlackElo "2118"]
[PlyCount "107"]
[EventDate "2007.04.05"]
[EventType "swiss"]
[EventRounds "9"]
[EventCountry "CZE"]
[SourceTitle "CBM 118 Extra"]
[Source "ChessBase"]
[SourceDate "2007.07.04"]
[SourceVersion "1"]
[SourceVersionDate "2007.07.04"]
[SourceQuality "1"]

1. e4 c5 2. Nf3 e6 3. b4 cxb4 4. d4 Nf6 5. Bd3 Nc6 6. a3 d5 7. e5 Ne4 8. 0-0 Be7 9. axb4 Nxb4 10. Ne1 0-0 11. f3 Qb6 12. Be2 Bh4 13. Be3 Bxe1 14. Rxe1 Qc6 15. c4 dxc4 16. fxe4 c3 17. d5 exd5 18. Qb3 a5 19. Nxc3 d4 20. Bxd4 Be6 21. Nd5 Nxd5 22. exd5 Bxd5 23. Qg3 Qg6 24. Qxg6 hxg6 25. Bf3 Bxf3 26. gxf3 b5 27. Bb6 Rfb8 28. Rxa5 Rxa5 29. Bxa5 b4 30. Bc7 Rb7 31. Bd6 Rb6 32. f4 b3 33. Ba3 b2 34. Rb1 Rb3 35. Bxb2 Rb4 36. Kg2 Kh7 37. Kg3 Rb3+ 38. Kf2 Rb4 39. Ke3 Kg8 40. Kd3 Kh7 41. Kc3 Rxf4 42. Rd1 g5 43. Rd7 Kg6 44. Rd4 Rf2 45. Rd2 Rf4 46. Rg2 Kf5 47. Bc1 Rf3+ 48. Kd4 g4 49. Be3 Rh3 50. Rf2+ Ke6 51. Rg2 Kf5 52. Rf2+ Ke6 53. Rg2 Kf5 54. Rf2+ 1/2-1/2

[Event "Pobeskydy Chance 18th"]
[Site "Frydek Mistek"]
[Date "2007.04.07"]
[Round "5"]
[White "Klecker, Tadeas"]
[Black "Konstacky, Matej"]
[Result "1/2-1/2"]
[WhiteElo "2047"]
[BlackElo "2012"]
[PlyCount "98"]
[EventDate "2007.04.05"]
[EventType "swiss"]
[EventRounds "9"]
[EventCountry "CZE"]
[SourceTitle "CBM 118 Extra"]
[Source "ChessBase"]
[SourceDate "2007.07.04"]
[SourceVersion "1"]
[SourceVersionDate "2007.07.04"]
[SourceQuality "1"]

1. Nf3 Nf6 2. c4 e6 3. d4 b6 4. Nc3 Bb4 5. Bd2 Bb7 6. a3 Bxc3 7. Bxc3 d6 8. e3 Nbd7 9. Bd3 Qe7 10. 0-0 0-0 11. b4 e5 12. Nd2 e4 13. Be2 Ne8 14. a4 f5 15. c5 d5 16. a5 c6 17. axb6 axb6 18. Rxa8 Bxa8 19. Qa4 Qd8 20. Ra1 Nc7 21. cxb6 Nxb6 22. Qa5 Nc8 23. b5 cxb5 24. Bb4 Nd6 25. Rc1 Ne6 26. Qxd8 Rxd8 27. Bxd6 Rxd6 28. Bxb5 Bb7 29. Nb3 Rb6 30. Ba4 Rb4 31. Bd7 Nf8 32. Nc5 Nxd7 33. Nxd7 h6 34. Nc5 Bc8 35. Nxe4 Ba6 36. Nc5 Bc4 37. h4 Kh7 38. g3 g5 39. hxg5 hxg5 40. Kg2 Be2 41. Re1 Rb2 42. Na4 Rc2 43. Rxe2 Rxe2 44. Nc3 Rd2 45. Nxd5 Kg6 46. g4 fxg4 47. Ne7+ Kf6 48. Nc6 Kf5 49. Ne5 Rd1 1/2-1/2

[Event "Litomysl op"]
[Site "Litomysl"]
[Date "2006.12.26"]
[Round "1"]
[White "Konstacky, Matej"]
[Black "Zawadzka, Beata"]
[Result "0-1"]
[WhiteElo "2025"]
[BlackElo "2346"]
[PlyCount "42"]
[EventDate "2006.12.26"]
[EventType "swiss"]
[EventRounds "9"]
[EventCountry "CZE"]
[SourceTitle "CBM 116 Extra"]
[Source "ChessBase"]
[SourceDate "2007.03.07"]
[SourceVersion "1"]
[SourceVersionDate "2007.03.07"]
[SourceQuality "1"]

1. e4 c5 2. Nf3 d6 3. b4 cxb4 4. d4 g6 5. a3 bxa3 6. c3 Bg7 7. Bd3 Nf6 8. 0-0 0-0 9. Bxa3 Nc6 10. Ne1 a6 11. f4 b5 12. Nc2 Bb7 13. Nd2 Na5 14. Ne3 Rc8 15. Rc1 Re8 16. g3 e5 17. d5 Qb6 18. Re1 exf4 19. gxf4 Nxd5 20. Qf3 Nxe3 21. Rxe3 Bxc3 0-1

[Event "CZE-chT2f 0607"]
[Site "Czech Republic"]
[Date "2006.12.03"]
[Round "4.6"]
[White "Rambousek, Jan"]
[Black "Konstacky, Matej"]
[Result "1-0"]
[WhiteElo "2063"]
[BlackElo "2025"]
[PlyCount "114"]
[EventDate "2006.10.14"]
[EventType "team"]
[EventRounds "11"]
[EventCountry "CZE"]
[SourceTitle "EXT 2009"]
[Source "ChessBase"]
[SourceDate "2008.11.26"]
[SourceVersion "1"]
[SourceVersionDate "2008.11.26"]
[SourceQuality "1"]

1. e4 c5 2. Nf3 d6 3. d4 cxd4 4. Nxd4 Nf6 5. Nc3 g6 6. f3 Bg7 7. Be3 0-0 8. Bc4 Nc6 9. Qd2 Bd7 10. h4 Rc8 11. Bb3 Ne5 12. Bh6 Nc4 13. Bxc4 Rxc4 14. Bxg7 Kxg7 15. h5 Qa5 16. hxg6 fxg6 17. Qh6+ Kg8 18. 0-0-0 Rxc3 19. bxc3 Qxc3 20. Kb1 Rc8 21. Qd2 Qa3 22. Rhe1 Rc4 23. Re3 Qa6 24. Rb3 e5 25. Ne2 Be6 26. Qxd6 Rc6 27. Qd8+ Kf7 28. Nc1 Bxb3 29. cxb3 Qb5 30. g4 Qc5 31. Qd2 Kf8 32. g5 Ne8 33. Nd3 Qe7 34. Nb4 Rd6 35. Nd5 Qf7 36. Qe2 Qd7 37. Qb2 Qe6 38. Rh1 Kg8 39. Qf2 b6 40. Qh4 Rd7 41. Rc1 Rf7 42. Qg3 a5 43. Rc3 b5 44. Qg1 b4 45. Rc4 Qa6 46. Qg4 Kg7 47. Qc8 Qxc8 48. Rxc8 Nd6 49. Rd8 Nb5 50. Nf6 Rc7 51. Ne8+ Kf7 52. Nxc7 Ke7 53. Re8+ Kd7 54. Rxe5 Nxc7 55. Rxa5 Ne6 56. Rd5+ Kc6 57. Re5 Nd4 1-0

[Event "Pobeskydy Radegast 17th"]
[Site "Frydek Mistek"]
[Date "2006.04.17"]
[Round "9"]
[White "Reznicek, Marcel"]
[Black "Konstacky, Matej"]
[Result "1/2-1/2"]
[WhiteElo "2127"]
[BlackElo "1967"]
[PlyCount "54"]
[EventDate "2006.04.13"]
[EventType "swiss"]
[EventRounds "9"]
[EventCountry "CZE"]
[SourceTitle "CBM 111 Extra"]
[Source "ChessBase"]
[SourceDate "2006.05.09"]
[SourceVersion "1"]
[SourceVersionDate "2006.05.09"]
[SourceQuality "1"]

1. e4 c5 2. f4 d5 3. e5 Nc6 4. Nf3 e6 5. Nc3 a6 6. b3 Nge7 7. Ne2 h5 8. g3 b6 9. Bg2 Bb7 10. 0-0 Nf5 11. Bh3 g6 12. Bxf5 gxf5 13. h4 Be7 14. d4 cxd4 15. Bb2 Rg8 16. Kh2 d3 17. Qxd3 Rc8 18. c3 Rg4 19. Ng5 Bxg5 20. hxg5 h4 21. gxh4 Rxh4+ 22. Kg3 Rg4+ 23. Kf2 b5 24. Rg1 Qb6+ 25. Qe3 Qxe3+ 26. Kxe3 Ne7 27. Nd4 Rxg1 1/2-1/2

[Event "Pobeskydy Radegast 17th"]
[Site "Frydek Mistek"]
[Date "2006.04.13"]
[Round "1"]
[White "Konstacky, Matej"]
[Black "Belunek, Vladimir"]
[Result "0-1"]
[WhiteElo "1967"]
[BlackElo "2262"]
[PlyCount "73"]
[EventDate "2006.04.13"]
[EventType "swiss"]
[EventRounds "9"]
[EventCountry "CZE"]
[SourceTitle "CBM 111 Extra"]
[Source "ChessBase"]
[SourceDate "2006.05.09"]
[SourceVersion "1"]
[SourceVersionDate "2006.05.09"]
[SourceQuality "1"]

1. e4 d6 2. d4 Nf6 3. Nc3 c6 4. f3 Nbd7 5. Be3 e5 6. Qd2 Be7 7. g4 0-0 8. 0-0-0 b5 9. h4 b4 10. Nb1 a5 11. h5 Ne8 12. Nh3 Nc7 13. Rg1 Ne6 14. d5 cxd5 15. exd5 Nec5 16. g5 g6 17. Nf2 Qc7 18. c3 bxc3 19. Nxc3 Nb6 20. Nfe4 Nxe4 21. fxe4 Ba6 22. hxg6 fxg6 23. Bh3 Bc8 24. Bxb6 Qxb6 25. Bxc8 Raxc8 26. Rdf1 Rf4 27. Kb1 Bxg5 28. Qd3 Rcf8 29. Rd1 Rf3 30. Qc4 Be7 31. Qc6 Qd8 32. Nb5 Rf2 33. Nc7 Qb8 34. Nb5 Rc8 35. Qd7 Rcc2 36. Rxg6+ hxg6 37. Qe6+ 0-1